000 00816nam a2200289Ia 4500
005 20260324125728.0
008 008 260324s9999 xx 000 0 eng d
020 _a9780203938188
037 _aEBOOK
040 _aCRL
040 _beng
040 _cCRL
041 _2eng
041 _aeng
084 _qCRL
100 _aStephen Grant; Howard Hiton; Peter Mortola
_91179086
245 0 _aBAM! Boys Advocacy and Mentoring
245 2 _bA Leader’s Guide to Facilitating Strengths-Based Groups for Boys - Helping Boys Make Better Contact by Making Better Contact with Them
260 _bTaylor and Francis
260 _c2008
365 _a
365 _b195
856 _uhttp://www.taylorfrancis.com/books/9780203938188
942 _cEBOOK
999 _c1774615
_d1774615